U3 ¿El nuevo mundo? ¡Acércate! - Statistiken

Allgemein
  • Dieses Quiz wurde 11 mal gespielt
  • Das Durchschnittsergebnis liegt bei 14 aus 40
Antwortstatistiken
Deutsch Spanisch % Korrekt
das Kapitel el capítulo
83%
Asien Asia
67%
endlich finalmente
67%
die Erde la Tierra
67%
das Land la tierra
67%
die Katholischen Könige los Reyes Católicos
67%
mexikanisch mexicano/-a
67%
der Kalender el calendario
50%
der/die Soldat/in el/la soldado
50%
das Königreich el reino
50%
der Tempel el templo
50%
rund redondo/-a
50%
unbekannt desconocido/-a
33%
der/die Azteke/-in el/la azteca
33%
der/ die Eroberer/in el/la conquistador/a
33%
der See el lago
33%
der/die Matrose/-in, Seefahrer/in el/la marinero/-a
33%
das Volk el pueblo
33%
der/die König/in el rey, la reina
33%
feindlich, verfeindet enemigo/-a
33%
Genua Génova
33%
außer menos
33%
navigieren, (mit einem Schiff) fahren navegar
33%
flach plano/-a
33%
etw. vorschlagen proponer algo
33%
Ende +Monat/Jahr a finales de +mes/año
17%
Anfang +Monat/Jahr a principos de +mes/año
17%
etw. genehmigen autorizar algo
17%
etw. erobern conquisar algo
17%
die Waffe el arma
17%
die Entdeckung el descubrimiento
17%
der/die Händler/in el/la comerciante
17%
das Monster el monstruo
17%
der Ozean el océano
17%
hungrig sein estar hambriento/-a
17%
Allianzen schmieden, sich mit jdm verbünden hacer alianzas con alguien
17%
die Krankheit la enfermedad
17%
etw. zeigen mostrar algo
17%
zuletzt por último
17%
zurückkehren nach/zu +Ort regresar a +lugar
17%
Keine übereinstimmenden Quizze gefunden
Verteilung der Resultate
Anzahl Personen mit jedem Resultat
Perzentil nach korrekt beantworteten Fragen
Ihre Resultats-Entwicklung
Sie haben dieses Quiz noch nicht gespielt